000 00246 a2200109 4500
999 _c327578
_d327578
001 92505
003 NUST
005 20180120144121.0
008 180120b xxu||||| |||| 00| 0 eng d
082 _a891.4393/HAM
100 _aA Hameed
_99242
245 _aKashmir Kay Ghazi
260 _aLahore
_bAl Quresh
_c2015
942 _aCAE NUST
_cBK
_k891.4393/HAM
_2ddc